| 000 | 00389nam a2200169Ia 4500 | ||
|---|---|---|---|
| 100 | _aLimin Fu | ||
| 650 | _aNeural network | ||
| 942 | _cBK | ||
| 366 | _f17.5 | ||
| 654 | _aneural network | ||
| 245 | _aNeural network in computer intelligence | ||
| 260 |
_bTata Mc Graw hill Ltd. _aNew Delhi _c1994 |
||
| 082 |
_a004.65/LIM _bLIM |
||
| 300 | _a460 | ||
| 546 | _aENGLISH | ||
| 999 |
_c26085 _d26085 |
||